000 00800nam a2200265 i 4500
001 10502
003 ES-MaACL
005 20230906145912.0
007 t|
008 950728s1991 ve ||||1| spa d
020 _a980-01-0380-5
080 _a84-14"19"
080 _a84(Perse,S.J.7 C.02)
100 1 _aSaint-John Perse.
_9101530
245 1 0 _aCanto para un equinoccio
_b: antología poética 1911-1948 /
_cSaint John Perse ; selección, traducción y presentación Luis Miguel Isava.
250 _a1ª ed.
260 _aCaracas :
_bMonte Avila,
_c1991.
300 _a164 p. ;
_c20 cm.
490 1 _aAltazor
500 _aEdición biblingüe.
700 1 _aIsava, Luis Miguel.
_965545
830 0 _aAltazor
_9181738
852 _aES-MaACL
_jL-17929
_bR.123179
999 _c10502
_d10502